Najmniejsze państwa danego kontynenty - Statystyki

Ogólne statystyki
  • Ten quiz został rozwiązany 141 razy
  • Średni wynik to 4 z 6
Statystyki odpowiedzi
Hint Odpowiedź % Poprawnych
Europa Watykan
100%
Australia i oceania Nauru
70%
Ameryka Południowa Surinam
70%
Afryka Seszele
63%
Ameryka Północna Saint Kitts i Nevis
56%
Azja Malediwy
53%
Nie znaleziono quizów pasujących do podanych kryteriów
Rozkład punktacji
Procent ludzi z każdym wynikiem
Percentyl według liczby udzielonych odpowiedzi
Twoja historia wyników
Nie rozwiązałeś tego quizu